| 000 -LEADER |
| fixed length control field |
00712nam a22002177a 4500 |
| 003 - CONTROL NUMBER IDENTIFIER |
| control field |
OSt |
| 005 - DATE AND TIME OF LATEST TRANSACTION |
| control field |
20251111112753.0 |
| 008 - FIXED-LENGTH DATA ELEMENTS--GENERAL INFORMATION |
| fixed length control field |
251111b ||||| |||| 00| 0 eng d |
| 020 ## - INTERNATIONAL STANDARD BOOK NUMBER |
| International Standard Book Number |
9780007150342 |
| 040 ## - CATALOGING SOURCE |
| Transcribing agency |
KH8 |
| 082 04 - DEWEY DECIMAL CLASSIFICATION NUMBER |
| Classification number |
823.92 JEF |
| 100 1# - MAIN ENTRY--PERSONAL NAME |
| Personal name |
Jeffers, Oliver |
| Relator term |
Author |
| 245 10 - TITLE STATEMENT |
| Title |
How to catch a star |
| Statement of responsibility, etc. |
Oliver Jeffers |
| 260 ## - PUBLICATION, DISTRIBUTION, ETC. |
| Place of publication, distribution, etc. |
1 London Bridge Street,London SE1 9GF |
| Name of publisher, distributor, etc. |
Collins |
| Date of publication, distribution, etc. |
2005 |
| 300 ## - PHYSICAL DESCRIPTION |
| Extent |
32 pages |
| Other physical details |
colour illustration |
| Dimensions |
25 cm x 26 cm |
| 500 ## - GENERAL NOTE |
| General note |
Originally published: 2004. |
| 520 ## - SUMMARY, ETC. |
| Summary, etc. |
ONCE there was a boy and the boy loved stars very much... (Blurb) |
| 650 #0 - SUBJECT ADDED ENTRY--TOPICAL TERM |
| Topical term or geographic name entry element |
Stars |
| Form subdivision |
Pictorial works |
| -- |
Juvenile fiction |
| 655 #0 - INDEX TERM--GENRE/FORM |
| Genre/form data or focus term |
Children's stories |
| Form subdivision |
Pictorial works |
| 942 ## - ADDED ENTRY ELEMENTS (KOHA) |
| Source of classification or shelving scheme |
|
| Koha item type |
Books - Fiction |